000 00703nam a2200241 u 4500
005 20251212063926.0
008 090923s1995 es r 000 0 spa d
020 _a8474325595
035 _aUPN01000172500
049 _aCG
050 4 _aGV1446
_bF7.7
100 1 _aFrabetti, Carlo,
_d1945-
_935936
245 1 3 _aEl tablero mágico /
_cCarlo Frabetti.
260 _aBarcelona, Esp. :
_bGedisa,
_c1995.
300 _a152 p. :
_bil.
440 0 _aJuegos ;
_v20
500 _aEn la cubierta dice: "Juegos y pasatiempos alrededor del ajedrez"
650 2 _aAjedrez
_91976
650 0 _aRecreaciones matemáticas
_96050
650 4 _aJuegos educativos
_93952
905 _aLibro
999 _c144604
_d144604